000 00322nam a2200145Ia 4500
100 _aShah/Keyur
942 _cBK
654 _ajava 2
245 _aGateway to JAVA 2 programmer sun certification
260 _bTata Mc Graw hill Ltd.
_c2002
082 _a5.133
_bSHA
300 _a592
546 _aENGLISH
999 _c20655
_d20655